Principaux partis politiques français 2026 - Statistiques

Statistiques générales
  • Ce quiz a été pris 4 274 fois
    195 depuis la dernière actualisation
  • Le résultat moyen est 14 sur 31
Statistiques - réponses
Hint Réponse % Correct
Dirigé par Manuel Bompard La France Insoumise
94%
Dirigé par Jordan Bardella Rassemblement National
94%
Dirigé par Bruno Retailleau Les Républicains
88%
Dirigé par Olivier Faure Parti Socialiste
86%
Dirigé par Éric Zemmour Reconquête
82%
Dirigé par Marine Tondelier Les Écologistes
81%
Dirigé par Gabriel Attal Renaissance
81%
Dirigé par Fabien Roussel Parti Communiste Français
77%
Dirigé par Édouard Philippe Horizons
71%
Dirigé par Nathalie Arthaud Lutte Ouvrière
70%
Dirigé par François Bayrou MoDem
63%
Dirigé par Philippe Poutou Nouveau Parti Anticapitaliste
62%
Dirigé par Raphael Glucksmann Place publique
58%
Dirigé par François Ruffin Debout !
57%
Dirigé par Nicolas Dupont-Aignan Debout la France
46%
Dirigé par Jean Lasalle Résistons
37%
Dirigé par Clémentine Autain L'Après
30%
Dirigé par Florian Philippot Les Patriotes
28%
Dirigé par Hélène Thouy Parti animaliste
28%
Dirigé par Hervé Marseille Union des Démocrates Indépendants
28%
Dirigé par Dominique de Villepin La France Humaniste
24%
Dirigé par François Asselineau Union Populaire Républicaine
23%
Dirigé par David Lisnard Nouvelle Énergie
22%
Dirigé par Éric Ciotti Union des droites pour la République
22%
Dirigé par Nathalie Delattre Parti radical
19%
Dirigé par Guillaume Lacroix Parti Radical de Gauche
17%
Dirigé par Bernard Cazeneuve La Convention
16%
Dirigé par Hervé Morin Les Centristes
15%
Dirigé par Marion Maréchal Identité-Libertés
10%
Dirigé par Jean-Frédéric Poisson VIA
9%
Dirigé par Delphine Batho Génération Écologie
7%
Aucun quiz correspondant
Distribution des résultats
% des personnes avec chaque résultat
Percentile par nombre de réponses
Votre historique - résultats
Vous n’avez pas pris ce quiz depuis la dernière actualisation